| 000 | 00577nam a22001697a 4500 | ||
|---|---|---|---|
| 003 | CEME | ||
| 005 | 20210628203520.0 | ||
| 008 | 210120b xxu||||| |||| 00| 0 eng d | ||
| 040 | _c. | ||
| 082 | _a200 THE | ||
| 100 |
_aMcnally, Conor P, Dr Tian Tian, Dr Victor W.Wong _965947 |
||
| 245 | _aDevelopment of numerical model of piston secondary motion for internal combustion engines | ||
| 260 |
_aUSA _bMIT _c2000 |
||
| 300 | _a107P | ||
| 650 |
_aMS-MECH-MIT.DEVELOPMENT OF NUMERICAL MODEL OF PISTON SECONDARY MOTION FOR INTERNAL COMBUSTION ENGINES _965948 |
||
| 942 |
_cBK _2ddc |
||
| 999 |
_c574014 _d574014 |
||